Регионална библиотека "Любен Каравелов" - Русе

Кратко животоописание на преподобния наш отец Димитрий Басарбовски, св. мощи на когото почиват в Митрополитската църква в гр. Букурещ (Запис номер 490046)

MARC детайли
000 -Лидер
Контролно поле с фиксирана дължина 01925nam a2200313 a 4500
003 - Код на организацията, давaща контролен номер
Контролно поле BLK
005 - Дата и час на последна редакция
Контролно поле 20230811005154.0
008 - Елементи от данни с фиксирана дължина
fixed length control field 180911b bul|||||r ||||||| ||bul||
010 ## - Наследен системен номер
LC control number 001406
040 ## - Източник на каталожния запис
Идентификатор на билиотеката - собственик на записа BLK
041 ## - Код за език
Код за езика на текст/звукозапис или на отделно заглавие Български
Код за езика КДБФ Български
080 ## - УДК
Текстов определител УДК Църковни календари. Мартиролози (сборници с жития на светци). Вж и 235. 3
УДК код - определител по УДК 264-11
УДК определител 264-11
080 ## - УДК
Текстов определител УДК Българска православна църква
УДК код - определител по УДК 271.22(497.2)
УДК - код + определител 271.22(497.2)
100 1# - Редна дума - Автор
Авторска отговорност първи автор
R(LIN) 486994
139 ## - Редно поле
Редна дума Кратко животоописание на преподобния наш отец Димитрий Басарбовски, св. мощи на когото почиват в Митрополитската църква в гр. Букурещ
245 10 - Сведения за заглавието
Заглавие Кратко животоописание на преподобния наш отец Димитрий Басарбовски, св. мощи на когото почиват в Митрополитската църква в гр. Букурещ
Редно поле (дума) Побългарил и изд. от архимандрит Натанаил Стоянов ; прераб. на новобълг. ез. Христо К. Попов
250 ## - Област на изданието
Сведения за изданието фототип. изд.
260 ## - Област на издателските данни
Място на издаване, разпространение и проч. Русе
Име на издателя, разпространителя и проч. Русенска Св. Митрополия
Година на издаване 2016
9 (RLIN) 471121
300 ## - Физическа характеристика
Страници 26 с
Илюстрации и др. с ил..
Размери/Мащаб 15 см
380 ## - Жанр
Жанр Религия. Теология
500 ## - Общи забележки
Забележка Фототипно издание на Житие на св. Димитър Басарбовски от 1928 г. с благословение на Русенски митрополит Наум.
650 #7 - Допълнително описание по предмет – тема
Основно описание – тема или топоним Светци, български
Източник на редна или ключова дума
9 (RLIN) 170331
600 14 - Име на лице, използвано като предмет
9 (RLIN) 62710
За него / За нея Димитър Басарбовски, свети
653 ## - Ключова дума – ненормативна
Ключова дума жития
653 #7 - Ключова дума – ненормативна
9 (RLIN) 182715
Ключова дума български светци
856 ## - Електронен адрес и достъп
Инструкция (цена за достъп) 0.00
Права за достъп disable
999 ## - СИСТЕМНИ КОНТРОЛНИ НОМЕРА
Koha biblionumber 490046
Koha biblioitemnumber 490046
942 ## - АРТИКУЛИ
Вид на библиотечния материал Книги
Скрит в OPAC Не
Периодичен библиозапис Да
944 ## - СЪЗДАВАНЕ И РЕДАКЦИЯ на ЗАПИСА
Създаване/Редакция Създаване
Дата на регистрацията/редакция 2023-03-24
Служител, извършил регистрацията/редакцията
Статус, дата на статуса CRON CRON
Наличности
Код за отписване Код за изгубен артикул Източник на класификационната схема Код за повреда Коз за рестрикции Код за отдаване Артикулен № Име на библиотеката - собственик Име на библиотеката, в която се намира в момента Статус (Текущо местоположение) Дата на вписване в системата Местоположение - отдел Цена в лева Инвентарен номер Систематично азбучна сигнатура Баркод Цена в евро Служебен тип на артикула
  Не е изгубен Universal Decimal Classification Не е повреден само за читалня ползва се в читалня 926315 Регионална библиотека "Любен Каравелов" Русе Регионална библиотека "Любен Каравелов" Русе Краезнание 2023-03-31 Краезнание 5.00 120000885551 К 2(092)/Д 58 120000885551 2.56 Книги
Vip Innovations Ltd, Rousse, Bulgaria 2025